000
00211 a2200097 4500
001
41135
100
_a
Taylor J
245
_a
Jane,s all the world A/C
260
_a
N.Y
_b
MC GRAWA HILL
_c
090
_c
25361
_d
25361
942
_a
NUST-CAE
_c
M
_c
17071
999
_c
276208
_d
276208